| 000 | 00468cam a2200181ua 4500 | ||
|---|---|---|---|
| 020 | _c3 | ||
| 041 |
_amal _h |
||
| 082 |
_a894.812o9 _bNAR/MO |
||
| 100 | _aNarayana Pillai, P.K . | ||
| 245 | 0 | 0 |
_aMoonu Bhashakavikal / _cP.K Narayana Pillai. _hTextual Documents |
| 250 |
_a1 / _b. |
||
| 260 |
_aEranakulam : _bSahitya Parishad Co Operative Society Limited , _c1958. |
||
| 300 | _a287 ; . | ||
| 365 | _a3 | ||
| 504 | _a | ||
| 942 | _cBK | ||
| 999 |
_c11690 _d11690 |
||